00479nam a2200181 a 450000100060000000300090000600800410001502000150005604000280007108200090009910000230010824500300013126000230016130000090018450500300019365000370022365000370026023013CO-ViMGA141112s2004 ck r 000 u spa d a9580485968 aCO-ViMGAbspacCO-ViMGA04aMACh1 aMachado, Ana Maria10aUn montòn de unicornios aColombia : bNorma a48p. aUn montòn de unicornios14aCUENTOS INFANTILES BRASILEÑOS 14aUNICORNIIOS - CUENTOS INFANTILES